Podnikanie v oblasti vonkajšej reklamy bakalárska práca

Enregistré dans:
Détails bibliographiques
Auteur principal: Markovičová, Veronika
Collectivité auteur: Obchodná fakulta EU. Katedra obchodného práva
Autres auteurs: Hutta, Michal, 1982-
Format: Livre
Langue:slovaque
Publié: Bratislava 2023
Tags: Ajouter un tag
Pas de tags, Soyez le premier à ajouter un tag!

MARC

LEADER 00000nbm a2200000 4500
001 0294859
005 20240215132539.6
041 0 |a slo 
044 |a SK 
245 1 0 |a Podnikanie v oblasti vonkajšej reklamy  |b bakalárska práca  |c Veronika Markovičová ; školiteľ: Michal Hutta 
264 1 |a Bratislava  |c 2023 
300 |a 52 s. 
100 1 |a Markovičová, Veronika 
700 1 |a Hutta, Michal, 1982- 
710 2 |a Obchodná fakulta EU. Katedra obchodného práva